| 000 | 01836nam a2200265Ia 4500 | ||
|---|---|---|---|
| 999 |
_c42360 _d42360 |
||
| 001 | 9056 | ||
| 003 | GE_BSU | ||
| 005 | 20210408133250.0 | ||
| 008 | 181216s2009||||ge |||||||||||||| ||geo|| | ||
| 020 | _a9789941011948 | ||
| 041 | _ageo | ||
| 080 | _a070(075.8)დ–39 | ||
| 100 |
_aდეფლორი,მელვინ. _911195 |
||
| 245 |
_aმასობრივი კომუნიკაციის გააზრებისთვის / _cმელვინ დეფლორი, დენისი ევერესტ ,მთარგმნ:ლელა ფიროსმანაშვილი, რედ.ანა ჭაბაშვილი. |
||
| 264 |
_aთბილისი: _bსაქართველოს საზოგადოებრივ საქმეთა ინ–ტი, _c2009. |
||
| 300 |
_a448 გვ.: _c22სმ. |
||
| 440 |
_aწიგნი გამოიც.საქართველოს საზოგადოებრივ საქმეთა ინ–ტის,ჟურნალისტიკისა და მედია მენეჯმენტის კავკასიური სკოლის მიერ,ღია საზოგადოების ინ–ტის ფინანსური მხარდაჭერით. _911196 |
||
| 653 | _aკომუნიკაცია | ||
| 653 | _aმასობრივი კომუნიკაციის გააზრებისათვის | ||
| 653 | _aჟურნალისტიკა | ||
| 700 |
_aევერეტ,დენისი _911197 |
||
| 700 |
_aფიროსმანაშვილი,ლელა _eმთარგმნელი _911198 |
||
| 700 |
_aჭაბაშვილი, ანა _eრედაქტორი _9995 |
||
| 942 |
_cBK _2udc |
||